The Ecodesign for Energy-Using Products Regulations 2007 (Record no. 107758)

MARC details
000 -LEADER
fixed length control field 01220cad a22002535a 4500
001 - CONTROL NUMBER
control field L141754
008 - FIXED-LENGTH DATA ELEMENTS--GENERAL INFORMATION
fixed length control field 071218s2007 xxk f f000 0 eng d
035 ## - SYSTEM CONTROL NUMBER
System control number (Sirsi) u141754
041 0# - LANGUAGE CODE
Language code of text/sound track or separate title eng
050 04 - LIBRARY OF CONGRESS CALL NUMBER
Classification number 333.72 $2 18
110 2# - MAIN ENTRY--CORPORATE NAME
Corporate name or jurisdiction name as entry element United Kingdom
Form subheading Laws, etc
9 (RLIN) 5044
245 04 - TITLE STATEMENT
Title The Ecodesign for Energy-Using Products Regulations 2007
Medium [electronic resource]
260 ## - PUBLICATION, DISTRIBUTION, ETC.
Place of publication, distribution, etc. London
Name of publisher, distributor, etc. TSO
Date of publication, distribution, etc. 2007
490 #0 - SERIES STATEMENT
Series statement SI
Volume/sequential designation 2007: 2037
520 ## - SUMMARY, ETC.
Summary, etc. Implement the requirements of Directive 2005/32/EC, establishing a framework for the setting of ecodesign requirements for energy-using products. Directive 2005/32/EC aims to improve the environmental performance of products throughout the life-cycle, by integrating environmental aspects at a very early stage in the product design. Came into force 11 August 2007.
521 2# - TARGET AUDIENCE NOTE
Target audience note Advanced
590 ## - LOCAL NOTE (RLIN)
Local note KA
650 24 - SUBJECT ADDED ENTRY--TOPICAL TERM
Topical term or geographic name entry element DIRECTIVE 2005/32/EC
650 24 - SUBJECT ADDED ENTRY--TOPICAL TERM
Topical term or geographic name entry element ECODESIGN FOR ENERGY-USING PRODUCTS REGULATIONS 2007
651 #4 - SUBJECT ADDED ENTRY--GEOGRAPHIC NAME
Geographic name United Kingdom
Chronological subdivision
690 ## - LOCAL SUBJECT ADDED ENTRY--TOPICAL TERM (OCLC, RLIN)
Topical term or geographic name as entry element ENVIRONMENTAL AND LAND CONSULTANCY-ENERGY-ENERGY USE-ENERGY CONSERVATION
856 40 - ELECTRONIC LOCATION AND ACCESS
Uniform Resource Identifier <a href="https://www.opsi.gov.uk/si/si2007/uksi_20072037_en_1">https://www.opsi.gov.uk/si/si2007/uksi_20072037_en_1</a>
Public note View the Regulations free of charge at www.opsi.gov.uk...
942 ## - ADDED ENTRY ELEMENTS (KOHA)
Suppress in OPAC 0
Holdings
Withdrawn status Lost status Source of classification or shelving scheme Damaged status Not for loan Home library Current library Shelving location Date acquired Total Checkouts Full call number Barcode Date last seen Copy number Price effective from Koha item type
    Dewey Decimal Classification     Virtual Virtual Online 18/12/2007   ONLINE PUBLICATION 141754-2001 06/08/2019 1 06/08/2019 Book